Fr. Conceicao Rodrigues College of Engineering

Running Unix : So it doesnt run you (Record no. 26944)

MARC details
000 -LEADER
fixed length control field 00298nam a2200133Ia 4500
082 ## - DEWEY DECIMAL CLASSIFICATION NUMBER
Classification number 005.13 'U'
100 ## - MAIN ENTRY--PERSONAL NAME
Personal name Crabb Don
245 ## - TITLE STATEMENT
Title Running Unix : So it doesnt run you
260 ## - PUBLICATION, DISTRIBUTION, ETC.
Name of publisher, distributor, etc. Ziff.Davis
Place of publication, distribution, etc. California
Date of publication, distribution, etc. 1993
546 ## - LANGUAGE NOTE
Language note ENGLISH
654 ## - SUBJECT ADDED ENTRY--FACETED TOPICAL TERMS
Focus term Running Unix
942 ## - ADDED ENTRY ELEMENTS (KOHA)
Koha item type BOOK
Holdings
Withdrawn status Lost status Damaged status Not for loan Collection Home library Current library Date acquired Source of acquisition Cost, normal purchase price Total Checkouts Full call number Barcode Date last seen Cost, replacement price Price effective from Koha item type
        CRC Fr. Agnel's C.Rodrigues College of Engineering Fr. Agnel's C.Rodrigues College of Engineering 17/03/2023 global books 175.00   005.13 'U' 6709 17/03/2023 175.00 17/03/2023 BOOK